Contra la Familia: ¿cómo hacer justicia a los niños afeminados? /
Gardado en:
| Autor Principal: | |
|---|---|
| Formato: | Texto |
| Etiquetas: |
Engadir etiqueta
Sen Etiquetas, Sexa o primeiro en etiquetar este rexistro!
|
MARC
| LEADER | 00000 a a2200000 04500 | ||
|---|---|---|---|
| 001 | 45804 | ||
| 003 | |||
| 040 | |a CRAI/IIS |c CRAI/IIS | ||
| 100 | |a Cornejo, Giancarlo | ||
| 245 | |a Contra la Familia: |b ¿cómo hacer justicia a los niños afeminados? / |c Giancarlo Cornejo | ||
| 773 | |g número35 (2011), páginas 139-154: fotos | ||
| 999 | |c 18490 |d 18490 | ||
